| 000 | 00417nam a2200181Ia 4500 | ||
|---|---|---|---|
| 008 | 090124s9999 xx 000 0 und d | ||
| 082 | _b30570 | ||
| 100 | _aPAUSTOVSKY K. | ||
| 245 | _aSELECTED STORIES | ||
| 250 | _a0 | ||
| 260 | _bPROGRESS PUBLISHERS | ||
| 300 | _a445 | ||
| 600 | _aPAUSTOVSKY K. | ||
| 630 | _aSELECTED STORIES | ||
| 700 | _aPAUSTOVSKY K. | ||
| 730 | _aSELECTED STORIES | ||
| 942 | _cBOOK | ||
| 999 |
_c96959 _d96959 |
||